000 00311nam a2200133Ia 4500
005 20251222141910.0
008 251222s9999||||xx |||||||||||||| ||spa||
082 _a861.19/A77
100 _aArrieta, Dimas
245 0 _aConcierto de la Memoria
250 _a1ra.ed.
264 _bEdiciones Poesía
942 _cLIB
999 _c8359
_d8359